000 00860cab a2200217 4500
001 ##L132693
008 060228n2006 000 0 eng u
035 _a(Sirsi) u132693
041 0 _aeng
100 1 _aLane, Thomas
245 0 0 _aSpecifier
_boff-site manufacturing
260 _c2006
490 0 _aBuilding
_v271(8418) 17 February 2006, 72-82(7)
520 _aGuide to off-site construction. Includes a discussion of the advantages and disadvantages of off-site solutions, looks at the latest products and issues of quality control, and examines costs issues for bathroom fit-outs. With a guide to the main suppliers of off-site bathroom and sanitary modules.
590 _aIKA280206
690 _aBUILT ENVIRONMENT-BUILDING ELEMENTS
700 1 _aBrownrigg, Scott
700 1 _aWaterman, Anthony
710 2 _aBarbour Index
_92548
942 _n0
999 _c76561
_d76561